ბათუმის შოთა რუსთაველის სახელმწიფო უნივერსიტეტის ბიბლიოთეკა

გაზეთ ”ინდუსტრიული ქუთაისის” ანალიტიკური ბიბლიოგრაფია, 1939-1940 წწ. (ბიბ.ჩანაწერი № 55248)

000 -LEADER
fixed length control field 01978nam a2200265Ia 4500
001 - CONTROL NUMBER
control field 22324
003 - CONTROL NUMBER IDENTIFIER
control field GE_BSU
008 - FIXED-LENGTH DATA ELEMENTS--GENERAL INFORMATION
fixed length control field 181216s||||||||xx |||||||||||||| ||und||
020 ## - INTERNATIONAL STANDARD BOOK NUMBER
International Standard Book Number 9789941274084
040 ## - CATALOGING SOURCE
Transcribing agency GE_BSU
080 ## - UNIVERSAL DECIMAL CLASSIFICATION NUMBER
Universal Decimal Classification number 070.22(479.22)+016(479.22)
245 ## - TITLE STATEMENT
Title გაზეთ ”ინდუსტრიული ქუთაისის” ანალიტიკური ბიბლიოგრაფია, 1939-1940 წწ.
245 ## - TITLE STATEMENT
Statement of responsibility, etc. სარედაქციო საბჭო: ცაგური ფორჩხიძე, მანანა ნემსაძე, ირმა გელოვანი [და სხვ.] ; დიზაინი გელა ღაჭავა.
250 ## - EDITION STATEMENT
Edition statement ქუთაისის ილია ჭავჭავაძის სახ. საჯარო ბიბლიოთეკა
260 ## - PUBLICATION, DISTRIBUTION, ETC.
Place of publication, distribution, etc. ქუთაისი
260 ## - PUBLICATION, DISTRIBUTION, ETC.
Name of publisher, distributor, etc. გამ-ბა ”სამშობლო”
260 ## - PUBLICATION, DISTRIBUTION, ETC.
Date of publication, distribution, etc. 2017
300 ## - PHYSICAL DESCRIPTION
Extent 1092 გვ. ; 29 სმ.
300 ## - PHYSICAL DESCRIPTION
Accompanying material სახელთა საძიებელი: გვ. 779-1072. გეოგრაფიულ სახელთა საძიებელი: გვ. 1073-1088.
520 ## - SUMMARY, ETC.
Summary, etc. გამოცემა დაფინანსებულია ქ. ქუთაისის მუნიციპალიტეტის მერიის კულტურის, სპორტის, განათლების, ძეგლთა დაცვისა და ახალგაზრდობის საქმეთა სამსახურის მიერ
653 ## - INDEX TERM--UNCONTROLLED
Uncontrolled term გაზეთ ”ინდუსტრიული ქუთაისის” ანალიტიკური ბიბლიოგრაფია, 1939-1940 წწ.
653 ## - INDEX TERM--UNCONTROLLED
Uncontrolled term ქართული პრესის ბიბლიოგრაფია. ქართული გაზეთები.
942 ## - ADDED ENTRY ELEMENTS (KOHA)
Koha item type წიგნი
ეგზემპლარები
Withdrawn status Lost status Source of classification or shelving scheme Damaged status Not for loan Permanent Location Current Location Shelving location Date acquired Cost, normal purchase price Full call number Barcode Date last seen Copy number Price effective from Koha item type Public note
          ბათუმის შოთა რუსთაველის სახელმწიფო უნივერსიტეტის მთავარი ბიბლიოთეკა ბათუმის შოთა რუსთაველის სახელმწიფო უნივერსიტეტის მთავარი ბიბლიოთეკა წიგნსაცავი 2018-12-17 15.00 070.22(479.22)+016(479.22) 28097 2018-12-17 28097 2018-12-17 წიგნი 15 ლ.